In the evening of my thought / (Record no. 553433)
[ view plain ]
| 000 -LEADER | |
|---|---|
| fixed length control field | 00531cam a22001572i 4500 |
| 082 ## - DEWEY DECIMAL CLASSIFICATION NUMBER | |
| Classification number | 824 |
| Author Mark | CLE |
| 100 1# - MAIN ENTRY--PERSONAL NAME | |
| Personal name | Clemenceau, Georges, |
| 9 (RLIN) | 50490 |
| 245 10 - TITLE STATEMENT | |
| Title | In the evening of my thought / |
| Statement of responsibility, etc. | by Georges Clemenceau ; translated by Charles Miner Thompson and John Heard, jr. |
| 260 ## - PUBLICATION, DISTRIBUTION, ETC. | |
| Place of publication, distribution, etc. | London : |
| Name of publisher, distributor, etc. | Constable & Co., |
| Date of publication, distribution, etc. | 1929. |
| 300 ## - PHYSICAL DESCRIPTION | |
| Extent | 2 v. ill. (port.) ; |
| Dimensions | 25 cm. |
| 526 ## - STUDY PROGRAM INFORMATION NOTE | |
| Program name | 0 |
| Interest level | 0 |
| Reading level | 0 |
| Title point value | 824_000000000000000_CLE |
| 650 ## - SUBJECT ADDED ENTRY--TOPICAL TERM | |
| Topical term or geographic name entry element | MCE |
| 9 (RLIN) | 379 |
| 700 1# - ADDED ENTRY--PERSONAL NAME | |
| Personal name | Heard, John, |
| 9 (RLIN) | 50491 |
| 700 1# - ADDED ENTRY--PERSONAL NAME | |
| Personal name | Thompson, Charles Miner, |
| 9 (RLIN) | 50492 |
| 942 ## - ADDED ENTRY ELEMENTS (KOHA) | |
| Source of classification or shelving scheme | |
| Koha item type | Book |
| Withdrawn status | Lost status | Source of classification or shelving scheme | Damaged status | Not for loan | Permanent Location | Current Location | Shelving location | Date acquired | Total Checkouts | Full call number | Barcode | Date last seen | Price effective from | Koha item type |
|---|---|---|---|---|---|---|---|---|---|---|---|---|---|---|
| Military College of Engineering (MCE) | Military College of Engineering (MCE) | 02/11/2015 | 824 CLE | MCE-ECI/ 23 | 02/11/2015 | 02/11/2015 | Book |
